| 000 | 00672nam a22002057a 4500 | ||
|---|---|---|---|
| 999 |
_c15362 _d15362 |
||
| 003 | AR-CdUCM | ||
| 008 | 190426b ||||| |||| 00| 0 spa d | ||
| 020 | _a978-9972-691-87-4 | ||
| 040 |
_aMUNICIPALIDAD PROVINCIAL DEL CUSCO _cBIBLIOTECA MUNICIPAL DEL CUSCO |
||
| 082 |
_aEP / 803 / _bR81 |
||
| 100 |
_aB.Braddy, Romero Ricalde _934406 |
||
| 245 |
_aCatalina y la unkuña Mágica : _bCatalinacha Layqay Unkuñantin / |
||
| 260 |
_aCuzco : _bCentro Bartolome de las casas, _c2008. |
||
| 300 |
_bIlustraciones, _c22 cm. |
||
| 650 |
_aLiteratura infantil _9588 |
||
| 650 |
_aCuentos _9217 |
||
| 650 |
_aQuechua _92063 |
||
| 942 |
_2ddc _cLIBROS |
||
| 945 |
_arjall _d2019-04-26 |
||